[Event "GEO-ch U20 Girls 2020"]
[Site "Tbilisi"]
[Date "2020.08.07"]
[Round "2.9"]
[White "Bechvaia, Maia"]
[Black "Koridze, Lile"]
[Result "0-1"]
[WhiteElo "1597"]
[BlackElo "1996"]
[Annotator "TA"]
[PlyCount "54"]
[EventDate "2020.08.06"]
[EventType "tourn"]
[EventCountry "GEO"]
[SourceTitle "playchess.com"]
[Source "ChessBase"]
[SourceQuality "1"]

{[%evp 14,54,4,0,0,-11,6,0,-8,-10,-10,-39,-22,-77,-70,-63,-64,-95,-88,-94,-72,-108,-105,-111,-61,-61,-61,-191,-159,-415,-402,-431,-405,-529,-455,-447,-437,-483,-497,-441,-426,-522,-502]} 1. e4 c5 2. Nf3 d6 3. c3 Nf6 4. h3 g6 5. Bd3 Bg7 6. Bc2 O-O 7. O-O Nc6 8. d3 e5 {B50: Sicilian: 2...d6, Miscellaneous.} 9. Nbd2 d5 10. Re1 Qc7 {[#] The position is equal.} 11. Nf1 $146 ({Predecessor:} 11. a3 d4 12. Ba4 Bd7 13. Nc4 Ne8 14. Bxc6 Bxc6 15. cxd4 cxd4 16. Bd2 f6 17. Na5 {½-½ (75) Brenjo,S (2450)-Ostojic,N (2440) Jagodina 1998}) 11... Rd8 {White must now prevent ...dxe4.} 12. Qe2 h6 13. Ne3 {[#]} (13. Bb3 $11 {remains equal.}) 13... d4 $1 $17 {[%cal Rd4e3]} 14. cxd4 cxd4 15. Nc4 b5 16. Ncd2 a5 17. a4 Nb4 18. Bb3 Ba6 {Strongly threatening ...bxa4.} 19. axb5 Bxb5 20. Nc4 ({Only move:} 20. Bc4 $1 $15 Nc2 21. Bxb5 Nxa1 22. Nc4) 20... Nd7 $36 {[%mdl 2048] ...Nc5 is the strong threat. Keeping White busy.} 21. Rd1 $2 {Now White is beyond hope.} (21. Bd2 $17 {keeps fighting.}) 21... Nc5 $19 22. Ba2 Ncxd3 23. Rxd3 Bxc4 {Black is clearly winning.} 24. Bxc4 Qxc4 {[%mdl 64] [#] Pin} 25. Rd2 d3 26. Qd1 Nc2 27. Rb1 Qa2 {Accuracy: White = 31%, Black = 94%.} 0-1

[Event "GEO-ch U20 Girls 2020"]
[Site "Tbilisi"]
[Date "2020.08.07"]
[Round "2.10"]
[White "Oniani, Tamar"]
[Black "Esadze, Tamari"]
[Result "0-1"]
[WhiteElo "1569"]
[BlackElo "1882"]
[Annotator "NA RC"]
[PlyCount "52"]
[EventDate "2020.08.06"]
[EventType "tourn"]
[EventCountry "GEO"]
[SourceTitle "playchess.com"]
[Source "ChessBase"]
[SourceQuality "1"]
[TimeControl "40/5400+30:1800+30"]

1. d4 {[%emt 0:00:00]} d5 {[%emt 0:00:00]} 2. c4 {[%emt 0:00:00]} e6 {[%emt 0:00:00]} 3. Nf3 {[%emt 0:00:00]} Nf6 {[%emt 0:00:00]} 4. g3 {[%emt 0:00:00]} dxc4 {[%emt 0:00:48]} 5. Bg2 {[%emt 0:00:00]} Nc6 {[%emt 0:00:04]} 6. O-O {[%emt 0:00:11]} Rb8 {[%emt 0:00:06]} 7. a4 {[%emt 0:00:36]} a6 {[%emt 0:00:14]} 8. Nc3 {[%emt 0:00:20]} Bb4 {[%emt 0:00:11] has lost popularity (8...Be7). E04: Open Catalan: 5 Nf3.} 9. Bg5 {[%emt 0:05:27]} h6 {[%emt 0:03:09]} 10. Bxf6 {[%emt 0:01:24]} Qxf6 {[%emt 0:00:06]} 11. Ne4 {[%emt 0:00:35]} Qe7 {[%emt 0:04:52] [#]} 12. Ne5 $146 {[%emt 0:11:23]} ({Predecessor:} 12. Qc2 Na5 13. Ne5 O-O 14. Nxc4 Nxc4 15. Qxc4 c6 16. Rfd1 Bd7 17. Rac1 Rfd8 18. Nc5 {1-0 (65) Kalavannan,K (2324)-Sedykh,M (2119) chess.com INT 2020}) 12... Nxe5 {[%emt 0:07:34]} 13. dxe5 {[%emt 0:00:04]} O-O {[%emt 0:03:19]} 14. Qc2 {[%emt 0:17:00]} b5 {[%emt 0:06:56]} 15. axb5 {[%emt 0:00:31]} axb5 {[%emt 0:00:02]} 16. Rfc1 {[%emt 0:00:05]} Bb7 {[%emt 0:04:54]} 17. Ra7 {[%emt 0:04:48]} Bd5 {[%emt 0:12:52]} 18. Nc3 {[%emt 0:10:05]} (18. e3 $17) 18... Bxg2 {[%emt 0:05:00]} 19. Kxg2 {[%emt 0:00:08]} Qc5 {[%emt 0:00:13]} 20. Ra2 {[%emt 0:14:00]} Qxe5 {[%emt 0:01:18]} 21. b3 {[%emt 0:00:03]} cxb3 {[%emt 0:03:37]} 22. Qxb3 {[%emt 0:00:07]} Bxc3 {[%emt 0:00:18]} 23. Rxc3 {[%emt 0:01:00]} c5 $19 {[%emt 0:05:47]} 24. Rac2 {[%emt 0:00:06]} c4 {[%emt 0:00:56]} 25. Qb4 {[%emt 0:00:25]} Rfd8 {[%emt 0:01:23]} 26. Ra3 {[%emt 0:02:36]} Qe4+ {[%emt 0:00:29]} 0-1

[Event "GEO-ch U20 Girls 2020"]
[Site "Tbilisi"]
[Date "2020.08.07"]
[Round "2.11"]
[White "Donghvani, Nia"]
[Black "Sichinava, Mariam"]
[Result "1-0"]
[WhiteElo "1994"]
[BlackElo "1479"]
[Annotator "TA"]
[PlyCount "41"]
[EventDate "2020.08.06"]
[EventType "tourn"]
[EventCountry "GEO"]
[SourceTitle "playchess.com"]
[Source "ChessBase"]
[SourceQuality "1"]

{[%evp 20,41,50,50,63,61,60,53,85,89,141,141,172,164,163,96,102,110,175,160,306,270,29993,29994]} 1. c4 g6 2. Nf3 Bg7 3. Nc3 c5 4. d4 Nf6 5. e4 O-O 6. Be2 cxd4 7. Nxd4 Nc6 8. Be3 d6 9. O-O a6 10. f3 Nxd4 11. Bxd4 ({Much weaker is} 11. Qxd4 Ng4 $11) 11... Nd7 {[#] B38: Sicilian: Maroczy Bind with 5...Bg7 and 7...0-0.} 12. Bxg7 $146 ({Predecessor:} 12. Rc1 Nc5 13. Be3 Bd7 14. b4 Ne6 15. Nd5 Rc8 16. a4 Qe8 17. a5 Nc7 18. Nb6 Rb8 19. f4 {1-0 (36) Henrichs,T-Balzer,L Neuwied 1993}) 12... Kxg7 13. Qd4+ Kg8 {White is slightly better.} 14. Rad1 Ne5 ({Black should play} 14... Rb8) 15. f4 $16 Nc6 16. Qe3 Qa5 17. Kh1 (17. Rd5 $18 Qb4 18. f5) 17... Qc5 18. Qd2 Rb8 (18... f6 $16) 19. Nd5 {[#] Threatens to win with f5.} a5 (19... Be6 $16 20. b4 Qa7) 20. f5 $18 e6 $2 (20... Kg7 $18 21. a3 (21. f6+ exf6 22. a3 a4 $16) 21... a4 22. Nxe7 (22. f6+ exf6 23. Qf4 Be6 $16) 22... f6) 21. Qh6 {Accuracy: White = 80%, Black = 26%.} 1-0

[Event "GEO-ch U20 Girls 2020"]
[Site "Tbilisi"]
[Date "2020.08.07"]
[Round "2.12"]
[White "Kostava, Elene"]
[Black "Antia, Sopia"]
[Result "1-0"]
[WhiteElo "1797"]
[BlackElo "1653"]
[Annotator "NA RC"]
[PlyCount "77"]
[EventDate "2020.08.06"]
[EventType "tourn"]
[EventCountry "GEO"]
[SourceTitle "playchess.com"]
[Source "ChessBase"]
[SourceQuality "1"]
[TimeControl "40/5400+30:1800+30"]

1. Nf3 {[%emt 0:00:00]} d5 {[%emt 0:00:00]} 2. e3 {[%emt 0:00:00]} Nf6 {[%emt 0:00:00]} 3. c4 {[%emt 0:00:00]} e6 {[%emt 0:00:00]} 4. Be2 {[%emt 0:00:00]} Be7 {[%emt 0:00:00]} 5. O-O {[%emt 0:00:08]} O-O {[%emt 0:00:00]} 6. b3 {[%emt 0:00:28]} c5 {[%emt 0:00:46]} 7. cxd5 {[%emt 0:00:20]} exd5 {[%emt 0:01:53]} 8. d4 {[%emt 0:00:25]} Nbd7 {[%emt 0:05:01]} 9. Nc3 {[%emt 0:01:30]} a6 {[%emt 0:15:46]} 10. Bb2 {[%emt 0:00:59]} b6 {[%emt 0:01:59]} 11. dxc5 {[%emt 0:00:56]} Nxc5 {[%emt 0:01:02]} 12. Nd4 {[%emt 0:00:50]} Bb7 {[%emt 0:03:25]} 13. Nf5 {[%emt 0:01:23]} Ne6 {[%emt 0:03:18]} 14. Qd3 {[%emt 0:17:52]} Re8 {[%emt 0:08:05]} 15. Nxe7+ {[%emt 0:03:47]} Rxe7 {[%emt 0:00:05]} 16. Rad1 {[%emt 0:15:11]} Rd7 {[%emt 0:02:48]} 17. Nb1 {[%emt 0:01:48]} Rc8 {[%emt 0:07:26]} 18. f4 {[%emt 0:01:57]} Bc6 {[%emt 0:18:18]} 19. Qf5 {[%emt 0:04:41]} d4 {[%emt 0:06:28]} 20. Bxa6 {[%emt 0:01:38]} Be4 {[%emt 0:01:28]} 21. Qh3 {[%emt 0:04:30]} Rc2 {[%emt 0:02:18]} 22. Rd2 {[%emt 0:00:06]} d3 {[%emt 0:03:24]} 23. Rfd1 {[%emt 0:05:47]} Nc5 {[%emt 0:05:18]} 24. Bc4 {[%emt 0:01:09]} Bg6 {[%emt 0:02:55]} 25. f5 {[%emt 0:02:33]} Rxb2 {[%emt 0:02:10]} 26. fxg6 {[%emt 0:01:33]} Rc2 {[%emt 0:02:02]} 27. gxf7+ {[%emt 0:01:01]} Kf8 {[%emt 0:00:17]} 28. Qh4 {[%emt 0:05:30]} Rxd2 {[%emt 0:03:26]} 29. Nxd2 {[%emt 0:00:28]} Re7 {[%emt 0:01:27]} 30. Qh3 {[%emt 0:02:30]} h6 {[%emt 0:00:28]} 31. Rf1 {[%emt 0:02:35]} Re5 {[%emt 0:02:11]} 32. b4 {[%emt 0:02:49]} Na4 {[%emt 0:01:03]} 33. Rc1 {[%emt 0:02:58]} Qd7 {[%emt 0:00:24]} 34. Qf3 {[%emt 0:00:39]} Nd5 {[%emt 0:00:29]} 35. Bb5 {[%emt 0:01:16]} Qxf7 {[%emt 0:00:51]} 36. Rc8+ {[%emt 0:03:45]} Ke7 {[%emt 0:00:04]} 37. Re8+ {[%emt 0:00:50]} Qxe8 {[%emt 0:00:27]} 38. Bxe8 {[%emt 0:00:06]} Kxe8 {[%emt 0:00:02]} 39. Nc4 {[%emt 0:00:07]} 1-0

[Event "GEO-ch U20 Girls 2020"]
[Site "Tbilisi"]
[Date "2020.08.08"]
[Round "3.7"]
[White "Pipia, Ekaterine"]
[Black "Koridze, Lile"]
[Result "1-0"]
[WhiteElo "2071"]
[BlackElo "1996"]
[Annotator "TA"]
[PlyCount "89"]
[EventDate "2020.08.06"]
[EventType "tourn"]
[EventCountry "GEO"]
[SourceTitle "playchess.com"]
[Source "ChessBase"]
[SourceQuality "1"]

{[%evp 11,89,14,30,4,32,14,18,24,22,19,28,-18,32,-37,0,-68,-66,-66,-60,-73,-78,-135,-129,-136,-130,-113,-67,-100,-46,-52,8,-19,0,0,22,-29,-14,-16,-14,-14,85,79,224,187,297,287,301,310,372,360,362,366,378,360,541,348,585,561,611,388,618,610,672,615,581,497,538,470,513,511,729,718,1521,1268,29993,29986,29994,29967,29997,985]} 1. d4 Nf6 2. c4 e6 3. Nf3 d5 4. Nc3 Bb4 5. Qa4+ Nc6 6. e3 O-O 7. Qc2 {D38: Queen's Gambit Declined: Ragozin Defence (4 Nf3 Bb4).} dxc4 8. Bxc4 Bd6 9. a3 {The position is equal.} e5 10. d5 Ne7 11. e4 Ng6 {[#]} 12. Nb5 $146 ({Better is} 12. h3 $14) ({Predecessor:} 12. Be3 h6 13. h3 Nh5 14. g4 Nhf4 15. O-O-O a6 16. Rdg1 b5 17. Bb3 Nh4 18. Nxh4 Qxh4 {1-0 (43) Kertesz,A-Sasu Ducsoara,A Eforie Nord 1981}) 12... Bd7 13. Be3 (13. O-O $11) 13... Bxb5 $15 14. Bxb5 c6 $1 15. Bc4 cxd5 16. exd5 (16. Bxd5 $142 Nxd5 17. exd5) 16... Rc8 {[#] Hoping for ...b5!} 17. Qb3 e4 18. Nd2 Qc7 19. h3 Ne5 (19... Ne7 $17 20. O-O Nf5) 20. Be2 b6 (20... Ned7 $15) 21. O-O $11 Qb7 22. Bg5 {Strongly threatening Bxf6.} Ned7 23. Bb5 (23. Nc4 $142 Qb8 24. Rad1 (24. Nxd6 Qxd6 25. Rad1 Rc5 $11)) 23... Nc5 24. Qc4 Nxd5 {Threatens to win with ...a6.} 25. Nxe4 Nxe4 (25... Nf4 $11 {remains equal.} 26. f3 Nxe4 27. Qxe4 Qxe4 28. fxe4 Ne6) 26. Qxe4 $16 {Rad1 is the strong threat.} Qb8 {This costs Black the game.} (26... Rc5 $16 27. Bd3 g6) 27. Rfd1 $36 {[%mdl 2048] White has strong initiative.} ({Not} 27. Bd3 g6 $14) 27... Nf4 {[#]} (27... Nc7 {keeps fighting.}) 28. Rxd6 $1 $18 {[%mdl 512]} Qxd6 29. Bxf4 Qc5 30. Bd3 {[%csl Gd3][%cal Re4h7]} Qh5 31. Re1 Rcd8 32. Bc2 g6 (32... a5 $142 33. b4 axb4 34. Qxb4 Qc5) 33. Qb7 Qc5 $2 (33... Qb5 {is a better defense.} 34. Bh6 Rfe8 35. Rxe8+ Rxe8) 34. Bb3 Qb5 35. Re3 Rd7 (35... Rd3 $142 36. Rxd3 Qxd3) 36. Qe4 Qh5 37. g4 Qh4 38. Bg3 Qd8 39. h4 Rd4 40. Qf3 h6 41. Be5 Rd2 42. Bf6 Qa8 43. Qf4 {White mates.} Rc8 44. Bc3 Rxc3 45. Qxf7+ {[%mdl 64] Double Attack. Accuracy: White = 59%, Black = 30%.} 1-0

[Event "GEO-ch U20 Girls 2020"]
[Site "Tbilisi"]
[Date "2020.08.08"]
[Round "3.8"]
[White "Esadze, Tamari"]
[Black "Kostava, Elene"]
[Result "1-0"]
[WhiteElo "1882"]
[BlackElo "1797"]
[Annotator "NA RC"]
[PlyCount "67"]
[EventDate "2020.08.06"]
[EventType "tourn"]
[EventCountry "GEO"]
[SourceTitle "playchess.com"]
[Source "ChessBase"]
[SourceQuality "1"]
[TimeControl "40/5400+30:1800+30"]

{[%evp 21,58,1,32767,23,105,56,85,29,56,19,74,36,110,41,28,37,60,70,118,90,181,195,228,225,246,232,350,135,188,119,1807,2258,29991,29992,29992,29993,29993,588,622]} 1. e4 {[%emt 0:00:00]} c5 {[%emt 0:00:00]} 2. Nf3 {[%emt 0:00:00]} Nc6 {[%emt 0:00:00]} 3. d4 {[%emt 0:00:00]} cxd4 {[%emt 0:00:00]} 4. Nxd4 {[%emt 0:00:00]} Nf6 {[%emt 0:00:00]} 5. Nc3 {[%emt 0:00:00]} d6 {[%emt 0:00:00]} 6. Bg5 {[%emt 0:00:00]} e6 {[%emt 0:00:06]} 7. Qd2 {[%emt 0:00:00]} Be7 {[%emt 0:00:05]} 8. O-O-O {[%emt 0:00:00]} O-O {[%emt 0:00:07]} 9. f4 {[%emt 0:00:21]} Nxd4 {[%emt 0:00:12]} 10. Qxd4 {[%emt 0:00:04]} Qa5 {[%emt 0:00:11]} 11. Kb1 {[%emt 0:10:50]} Rd8 {[%emt 0:00:45]} 12. Qd2 {[%emt 0:05:32]} Kh8 {[%emt 0:07:33] [#] B65: Sicilian: Richter-Rauzer: 7...Be7 8 0-0-0 0-0 9 f4 Nxd4.} (12... h6 $14 13. Bxf6 Bxf6) 13. g4 $146 {[%emt 0:13:00]} ({Predecessor:} 13. Be2 Bd7 14. Bf3 Rac8 15. Rhe1 b5 16. e5 b4 17. Ne4 dxe5 18. Qf2 exf4 19. Qh4 Qc7 20. Rc1 {1-0 (51) Shapoval,G-Alyabusheva,G (2143) Sevastopol 2000}) 13... Bd7 {[%emt 0:01:58]} 14. f5 {[%emt 0:03:27]} Bc6 {[%emt 0:02:19]} 15. Bg2 {[%emt 0:06:00]} Rd7 {[%emt 0:02:48]} (15... b5 $11) 16. Bf3 {[%emt 0:14:29]} b5 {[%emt 0:05:58]} ({Black should try} 16... d5 $14 17. fxe6 fxe6 18. exd5 exd5) 17. Qe3 {[%emt 0:02:49]} b4 {[%emt 0:01:00]} 18. Ne2 $1 {[%emt 0:00:04]} e5 {[%emt 0:00:19]} 19. Bxf6 {[%emt 0:01:02]} Bxf6 {[%emt 0:01:21]} (19... gxf6 $14 20. Ng3 Rg8) 20. g5 {[%emt 0:03:17]} Be7 {[%emt 0:00:07] [#]} (20... Bd8 $16 {keeps fighting.}) 21. f6 $1 {[%emt 0:01:46]} gxf6 {[%emt 0:00:31]} 22. gxf6 {[%emt 0:01:26]} Bxf6 {[%emt 0:00:06]} 23. Bg4 {[%emt 0:00:04]} Rdd8 {[%emt 0:04:51]} (23... Rg8 $142 24. Bxd7 Bxd7) 24. Rhf1 {[%emt 0:01:23]} (24. Bf5 $18 {and White stays clearly on top.} Rg8 25. Rhg1 (25. Rxd6 Bg5 $16)) 24... Bg7 {[%emt 0:01:27]} (24... Qc5 $16 {was necessary.} 25. Qf3 Bg7) 25. Rxf7 {[%emt 0:03:48]} (25. Ng3 $18) 25... Be8 $2 {[%emt 0:01:52] [#]} (25... Rf8 $16 26. Rxg7 Kxg7) 26. Rxg7 $1 {[%emt 0:06:15]} Kxg7 {[%emt 0:00:12]} 27. Qg5+ {[%emt 0:00:03]} Bg6 {[%emt 0:00:31]} 28. Qe7+ {[%emt 0:00:14]} Kh6 {[%emt 0:01:08]} 29. Ng3 {[%emt 0:00:28]} (29. Rd3 $142 Qxa2+ 30. Kxa2 b3+ 31. Rxb3 Rf8 32. Rh3+ Bh5 33. Rxh5+ Kg6 34. Rg5+ Kh6 35. Qg7#) 29... Rf8 $18 {[%emt 0:05:29]} 30. Nf5+ Bxf5 {[%emt 0:01:29]} 31. Bxf5 {[%emt 0:01:48]} Rh8 {[%emt 0:03:51]} 32. Qf6+ {[%emt 0:01:28]} Kh5 {[%emt 0:00:07]} 33. Bg4+ Kxg4 {[%emt 0:00:09]} 34. Rg1+ {[%emt 0:00:10]} 1-0

[Event "GEO-ch U20 Girls 2020"]
[Site "Tbilisi"]
[Date "2020.08.08"]
[Round "3.9"]
[White "Janiashvili, Mariami"]
[Black "Donghvani, Nia"]
[Result "0-1"]
[WhiteElo "2012"]
[BlackElo "1994"]
[Annotator "TA"]
[PlyCount "120"]
[EventDate "2020.08.06"]
[EventType "tourn"]
[EventCountry "GEO"]
[SourceTitle "playchess.com"]
[Source "ChessBase"]
[SourceQuality "1"]

{[%evp 21,120,12,19,0,80,82,117,41,45,-17,-12,-16,-8,-25,0,0,0,0,0,-67,-67,-67,-68,-68,-100,-92,-95,-85,-18,-20,-24,-39,-15,-15,-15,-31,-13,-32,-15,-85,-96,-93,-68,-117,-120,-106,-65,-66,-63,-108,-116,-104,-116,-156,-146,-160,-165,-151,-161,-139,-145,-134,-158,-123,-114,-137,-81,-81,-81,-462,-81,-81,-89,-136,-136,-282,-265,-423,-419,-408,-382,-396,-292,-405,-292,-281,-248,-525,-508,-909,-993,-670,-641,-2958,-1891,-29963,-2910,-6111,-1349,-1335,-1216]} 1. d4 Nf6 2. c4 c5 3. d5 g6 4. Nf3 Bg7 5. Nc3 O-O 6. e4 d6 7. h3 e6 8. Bd3 exd5 9. cxd5 b5 10. Nxb5 Re8 11. O-O Nxe4 12. Qa4 {A70: Modern Benoni: 6 e4 g6 7 Nf3.} Nf6 (12... a6 $11) 13. Bg5 $16 Bd7 14. Rfe1 (14. Qh4 $16 h6 15. Bxh6 Bxb5 16. Bxg7 (16. Bxb5 Re4 $14) 16... Kxg7 17. Bxb5) 14... Qb6 {[#]} 15. Qc4 $146 ({Better is} 15. Bxf6 $14 Bxf6 16. Qf4) ({Predecessor:} 15. Qh4 Bxb5 16. Bxf6 Nd7 17. Bxg7 Kxg7 18. Bxb5 Qxb5 19. Re7 Nf6 20. Rae1 Rxe7 21. Rxe7 Re8 22. Rxa7 Qb6 23. Qa4 Qxb2 24. Ng5 Qc1+ 25. Kh2 Qxg5 {0-1 (25) Berry,N (2300)-Neave,G (2118) Edinburgh 2007}) 15... Bxb5 $1 $11 16. Qxb5 Nbd7 {[%cal Bb8d7,Bd7b6,Bb6d5][%mdl 32]} 17. Qa4 Qb7 18. Bb5 Rxe1+ 19. Rxe1 {aiming for Bc6.} Nb6 $1 {[%cal Rb6a4][%mdl 64] [#] Double Attack} 20. Qa6 (20. Qh4 $1 $11 Nbxd5 {[%mdl 64] Discovered Attack} 21. Qa4) 20... Qxa6 $15 21. Bxa6 Nfxd5 22. Bb7 Rb8 23. Bxd5 Nxd5 24. Rd1 Nb6 (24... Nf6 $17 25. Rxd6 Ne4) 25. Rxd6 $11 Bxb2 26. Rc6 $1 Rc8 (26... c4 {feels hotter.} 27. Be3 Bg7 28. Bxb6 Rxb6 29. Rc8+ Bf8) 27. Rxc8+ Nxc8 {[%mdl 4096] Endgame KBN-KBN} 28. Kf1 Nb6 29. Ke2 c4 30. Kd2 (30. Be3 $11) 30... Nd5 $17 31. Kc2 Bg7 32. a3 f5 33. Nd2 c3 34. Nc4 Kf7 35. Be3 a6 36. Bc5 Ke6 37. a4 Kd7 38. Kb3 Kc6 39. Ba7 Nf4 40. Ne3 Kb7 41. Bc5 Nd3 42. Bb4 Nxb4 43. Kxb4 {KB-KN} Kc6 (43... Bd4 $142 {And now ...Bxe3 would win.} 44. Kb3 Kc6) 44. Kc4 f4 45. Nd5 $2 {[%mdl 8192] [#]} (45. Nc2 $17) 45... Be5 $2 (45... a5 $1 $19 {has better winning chances. ( -> ...c2)} 46. Nxc3 Bxc3 47. Kxc3 Kc5) 46. Nb4+ Kb6 47. a5+ Kb7 48. Kd5 (48. Kd3 $17) 48... Bc7 $19 49. Na2 (49. Kc4 $142) 49... Bxa5 {Hoping for ...c2.} 50. Kc4 Kc6 51. Nc1 g5 52. Nb3 Kb6 53. Nd4 h6 54. Kd3 $2 (54. f3) 54... Kc5 55. Nf5 (55. Ne2 $142 Kb4 56. Nxc3) 55... Kb4 56. Kc2 Bb6 57. f3 a5 58. Ne7 Kc4 59. Nc6 a4 (59... Bc7 $142 60. Ne7 a4) 60. Ne5+ Kd4 {Accuracy: White = 41%, Black = 69%.} 0-1

[Event "GEO-ch U20 Girls 2020"]
[Site "Tbilisi"]
[Date "2020.08.08"]
[Round "3.10"]
[White "Tsetskhladze, Mariam"]
[Black "Kirtadze, Anastasia"]
[Result "0-1"]
[WhiteElo "1397"]
[BlackElo "1679"]
[Annotator "NA RC"]
[PlyCount "84"]
[EventDate "2020.08.06"]
[EventType "tourn"]
[EventCountry "GEO"]
[SourceTitle "playchess.com"]
[Source "ChessBase"]
[SourceQuality "1"]
[TimeControl "40/5400+30:1800+30"]

1. e4 {[%emt 0:00:00]} c5 {[%emt 0:00:12]} 2. Nf3 {[%emt 0:00:00]} d6 {[%emt 0:00:51]} 3. Bb5+ {[%emt 0:00:00]} Nd7 {[%emt 0:02:32]} 4. d4 {[%emt 0:01:23]} cxd4 {[%emt 0:02:01]} 5. Qxd4 {[%emt 0:00:09]} a6 {[%emt 0:02:22]} 6. Bxd7+ {[%emt 0:01:23]} Bxd7 {[%emt 0:00:13]} 7. Nc3 {[%emt 0:01:06]} e5 {[%emt 0:01:23]} 8. Qd3 {[%emt 0:00:26]} h6 {[%emt 0:03:52]} 9. O-O {[%emt 0:02:49]} Nf6 {[%emt 0:00:10]} 10. h3 {[%emt 0:02:58]} Be7 {[%emt 0:03:48]} 11. Be3 {[%emt 0:01:38]} O-O {[%emt 0:01:01]} 12. Rad1 {[%emt 0:06:07]} Qc7 {[%emt 0:03:41]} 13. Bc1 {[%emt 0:18:21]} Be6 {[%emt 0:07:53]} 14. b3 {[%emt 0:08:40]} b5 {[%emt 0:06:08]} 15. a3 {[%emt 0:02:00]} Rac8 {[%emt 0:00:39]} 16. Bd2 {[%emt 0:08:22]} Rfd8 {[%emt 0:08:24]} 17. Qe2 {[%emt 0:09:51]} Qb7 {[%emt 0:05:35]} 18. Rfe1 {[%emt 0:06:47]} Rc5 {[%emt 0:10:19]} 19. Qe3 {[%emt 0:07:02]} Rdc8 {[%emt 0:07:14]} 20. Nh4 {[%emt 0:04:25]} Nh5 {[%emt 0:06:57]} 21. Qe2 {[%emt 0:07:12]} Nf4 {[%emt 0:07:03]} 22. Bxf4 {[%emt 0:02:15]} exf4 {[%emt 0:02:03]} 23. Nf5 {[%emt 0:02:48]} Rxc3 {[%emt 0:01:22]} 24. Nd4 {[%emt 0:00:26]} f3 {[%emt 0:02:26]} 25. gxf3 {[%emt 0:00:51]} Bxh3 {[%emt 0:00:16]} 26. Kh2 {[%emt 0:00:05]} Be6 {[%emt 0:00:52]} 27. Rg1 {[%emt 0:00:58]} Bf6 {[%emt 0:01:24]} 28. Qd2 {[%emt 0:03:09]} Bg5 {[%emt 0:03:50]} 29. Qe2 {[%emt 0:01:15]} Bf4+ {[%emt 0:01:05]} 30. Kg2 {[%emt 0:00:07]} Qd7 {[%emt 0:00:45]} 31. Kf1 {[%emt 0:00:32]} Bh2 {[%emt 0:00:32]} 32. Rh1 {[%emt 0:00:26]} Be5 {[%emt 0:00:07]} 33. Qd2 {[%emt 0:00:55]} Bxd4 {[%emt 0:01:29]} 34. Qxd4 {[%emt 0:00:03]} Rxf3 {[%emt 0:00:27]} 35. Rg1 {[%emt 0:01:09]} g6 {[%emt 0:01:22]} 36. Rd2 {[%emt 0:00:29]} Bh3+ {[%emt 0:00:57]} 37. Ke2 {[%emt 0:00:20]} Bg4 {[%emt 0:00:08]} 38. Kf1 {[%emt 0:00:48]} h5 {[%emt 0:00:06]} 39. e5 {[%emt 0:00:43]} d5 {[%emt 0:00:53]} 40. Ke1 {[%emt 0:00:38]} Qe7 {[%emt 0:00:51]} 41. Qxd5 {[%emt 0:30:37]} Qxa3 {[%emt 0:30:24]} 42. e6 {[%emt 0:00:35]} Re8 {[%emt 0:00:47]} 0-1

[Event "GEO-ch U20 Girls 2020"]
[Site "Tbilisi"]
[Date "2020.08.08"]
[Round "3.11"]
[White "Bedoshvili, Dea"]
[Black "Tsotsonava, Elene"]
[Result "0-1"]
[WhiteElo "1587"]
[BlackElo "2012"]
[Annotator "TA"]
[PlyCount "56"]
[EventDate "2020.08.06"]
[EventType "tourn"]
[EventCountry "GEO"]
[SourceTitle "playchess.com"]
[Source "ChessBase"]
[SourceQuality "1"]

{[%evp 13,56,4,17,7,4,-28,31,32,33,33,56,3,20,24,32,25,25,22,18,0,24,24,29,20,16,-36,-34,-37,-8,-81,-93,-541,-512,-532,-519,-534,-533,-532,-531,-541,-538,-565,-528,-659,-652]} 1. d4 d5 2. c4 dxc4 3. Nf3 Nf6 4. g3 e6 5. Bg2 c5 6. Qa4+ Bd7 7. Qxc4 Bc6 8. O-O {E04: Open Catalan: 5 Nf3.} Nbd7 9. Nc3 Nb6 (9... b5 $11 10. Qd3 (10. Nxb5 Nb6 $15) 10... b4) 10. Qd3 $14 {[#] White is slightly better.} Be7 $146 ({Predecessor:} 10... cxd4 11. Nb5 a6 12. Nbxd4 Be4 13. Qd1 Bc5 14. Be3 Qe7 15. b4 Bxd4 16. Qxd4 Nbd5 {1-0 (41) Gokerman,E (2061)-Heinrich,J (2099) Rogaska Slatina 2011}) 11. Rd1 O-O 12. a3 (12. e4 $1 $14) 12... Rc8 13. e4 Na4 14. Ne5 $1 {[%cal Re5c6]} Nxc3 15. Nxc6 bxc6 16. Qxc3 cxd4 17. Rxd4 Qb6 18. Rc4 Ng4 19. Qe1 ({White should play} 19. Qc2 $11) 19... Bc5 $36 {[%cal Rc5f2][%mdl 2048] Black fights for an advantage.} 20. Rc2 Rfd8 {White must now prevent ...Qb3.} 21. b4 {[#]} (21. Bf3 $1 $11 {keeps the balance.} Ne5 22. Be2) 21... Bd4 $1 $17 {[%cal Rd4a1]} 22. Bb2 $2 {[%mdl 8192] [#] This move loses the game for White.} (22. Raa2 $17 {is a better chance.}) 22... Bxf2+ $1 $19 {[%mdl 64] Decoy. Black is clearly winning.} 23. Rxf2 Nxf2 24. Qxf2 Qxf2+ 25. Kxf2 Rd2+ {[%mdl 64] Double Attack} 26. Kg1 Rxb2 27. Rd1 g6 28. Rd3 c5 {Accuracy: White = 51%, Black = 89%.} 0-1